Madonna - Albums - Statistiques

Statistiques générales
  • Ce quiz a été pris 79 fois
  • Le résultat moyen est 11 sur 14
Statistiques - réponses
Année de sortie Album % Correct
1984 Like a Virgin
93%
1986 True blue
87%
1989 Like a prayer
84%
2000 Music
84%
2005 Confessions on a dance floor
82%
1992 Erotica
80%
2019 Madame X
79%
1983 Madonna
79%
2003 American life
77%
2012 MDNA
74%
1998 Ray of light
74%
2008 Hard candy
69%
2015 Rebel Heart
69%
1994 Bedtime stories
62%
Aucun quiz correspondant
Distribution des résultats
% des personnes avec chaque résultat
Percentile par nombre de réponses
Votre historique - résultats
Vous n’avez pas pris ce quiz